<?xml version="1.0" encoding="UTF-8"?>
<marc:record xmlns:marc="http://www.loc.gov/MARC21/slim">
   <marc:leader>00000nam a2200000 a 4500</marc:leader>
   <marc:datafield ind1="1" ind2=" " tag="100">
      <marc:subfield code="a">Speulhof, Barbara van den</marc:subfield>
      <marc:subfield code="4">aut</marc:subfield>
      <marc:subfield code="e">Verfasser/-in</marc:subfield>
   </marc:datafield>
   <marc:datafield ind1="1" ind2=" " tag="100">
      <marc:subfield code="a">Chapman, Linda</marc:subfield>
      <marc:subfield code="4">ctb</marc:subfield>
      <marc:subfield code="e">Mitwirkende/-r</marc:subfield>
   </marc:datafield>
   <marc:datafield ind1=" " ind2=" " tag="653">
      <marc:subfield code="a">Einhorn; Pferd; Pony; Hörspiel; Geheimnisvoll; Magisch</marc:subfield>
   </marc:datafield>
   <marc:datafield ind1=" " ind2=" " tag="653">
      <marc:subfield code="a">Kassette / Kinder- und Jugendbücher/Kinderbücher bis 11 Jahre</marc:subfield>
   </marc:datafield>
   <marc:datafield ind1=" " ind2=" " tag="653">
      <marc:subfield code="a">CD</marc:subfield>
   </marc:datafield>
   <marc:datafield ind1=" " ind2=" " tag="653">
      <marc:subfield code="a">Hörbuch</marc:subfield>
   </marc:datafield>
   <marc:datafield ind1="0" ind2="0" tag="245">
      <marc:subfield code="a">Die große Sternenschweif Hörbox</marc:subfield>
   </marc:datafield>
   <marc:datafield ind1="0" ind2="0" tag="245">
      <marc:subfield code="c">Hörspielbearbeitung, Regie und Produktion: Barbara van den Speulhof</marc:subfield>
   </marc:datafield>
   <marc:datafield ind1=" " ind2="1" tag="264">
      <marc:subfield code="a">München</marc:subfield>
      <marc:subfield code="b">United Soft-Media</marc:subfield>
   </marc:datafield>
   <marc:datafield ind1="1" ind2=" " tag="520">
      <marc:subfield code="a">Angaben aus der Verlagsmeldung

Die große Sternenschweif Hörbox Folgen 16-18 / von Linda Chapman

Die große Sternenschweif Hörbox
Mit den Folgen 16 bis 18 der wunderbaren Hörspielreihe

Das magische Pony Sternenschweif ist der geheimnisvolle Held der zauberhaften „Sternenschweif“-Welt. Zusammen mit Laura erlebt es fantasievolle Abenteuer und aufregende Geschichten, die viel Platz zum Träumen lassen.

Folge 16: Geheimnisvoller Zaubertrank
Laura hat viel zu tun. Sie bereitet ein Valentins-Ponytreffen vor, bei dem eine Schatzsuche veranstaltet wird. Der Hauptpreis ist ein Liebestrank. Außerdem hilft sie einem Mädchen mithilfe eines Muttranks, nach einem Reitunfall wieder auf ihr Pony zu steigen. Doch in der Hektik verwechselt Laura die beiden Zaubertränke ...

Folge 17: Die magische Versammlung
Laura ist nun schon seit einiger Zeit Hüterin der Geheimnisse und konnte bereits vielen Einhörnern und ihren Freunden helfen. Da wird ihr eine Einladung zur magischen Versammlung überreicht – was für eine Ehre! Aber kommen bei all diesen Einhornabenteuern Lauras Freunde und ihre Familie auch nicht zu kurz?

Folge 18: Sommerzauber
Laura freut sich riesig, dass ihre Cousine Hannah zu Besuch kommt! Doch Hannah tuschelt ständig mit Lauras Mutter. Wie gut, dass es Sternenschweif und ihre Freundinnen gibt. Mit ihnen kann Laura viel Zeit verbringen und sich von ihrer Eifersucht ablenken. Doch eines Abends braucht Lauras Mutter dringend ihre Hilfe …
</marc:subfield>
   </marc:datafield>
   <marc:datafield ind1=" " ind2=" " tag="020">
      <marc:subfield code="a">9783803236951</marc:subfield>
      <marc:subfield code="9">9783803236951</marc:subfield>
   </marc:datafield>
   <marc:datafield ind1=" " ind2=" " tag="041">
      <marc:subfield code="a">ger</marc:subfield>
   </marc:datafield>
   <marc:datafield ind1=" " ind2=" " tag="300">
      <marc:subfield code="a">3 CDs</marc:subfield>
   </marc:datafield>
</marc:record>
